| 000 | 00469 a2200145 4500 | ||
|---|---|---|---|
| 999 |
_c456 _d456 |
||
| 020 | _a00158 | ||
| 050 | _aBS 2970 BIB 1971 | ||
| 100 | _aInternational Bible Society | ||
| 245 |
_aThe holy bible _b new international version containing the old and new the new testament / _cInternational bible society |
||
| 264 |
_aColorado _bInternational bible society _c1973 |
||
| 300 | _a882p. | ||
| 500 | _aHoly Bible | ||
| 650 | _aBible- Christianity | ||
| 942 |
_2lcc _cBK _h2970 _iBIB _kBS |
||